Commentary on The Mediation Act, 2023 (Record no. 1848249)

MARC details
000 -LEADER
fixed length control field 00574nam a22002177a 4500
005 - DATE AND TIME OF LATEST TRANSACTION
control field 20260413122426.0
008 - FIXED-LENGTH DATA ELEMENTS--GENERAL INFORMATION
fixed length control field 260413b |||||||| |||| 00| 0 eng d
020 ## - INTERNATIONAL STANDARD BOOK NUMBER
International Standard Book Number 9788197759079
040 ## - CATALOGING SOURCE
Transcribing agency FLL
041 ## - LANGUAGE CODE
Source of code Eng
Language code of text/sound track or separate title Eng
084 ## - COLON CLASSIFICATION NUMBER
Classification number X:976:(Z) R5
100 ## - MAIN ENTRY--PERSONAL NAME
Personal name Markanda.P.C.
245 ## - TITLE STATEMENT
Title Commentary on The Mediation Act, 2023
250 ## - EDITION STATEMENT
Edition statement 1st
260 ## - PUBLICATION, DISTRIBUTION, ETC.
Place of publication, distribution, etc. Haryana,India
Name of publisher, distributor, etc. Lexis Nexis
Date of publication, distribution, etc. 2025
300 ## - PHYSICAL DESCRIPTION
Extent xl,642 p.
650 ## - SUBJECT ADDED ENTRY--TOPICAL TERM
Topical term or geographic name entry element Arbitration
700 ## - ADDED ENTRY--PERSONAL NAME
Personal name Markanda,Naresh
700 ## - ADDED ENTRY--PERSONAL NAME
Personal name Markanda,Rajesh
942 ## - ADDED ENTRY ELEMENTS (KOHA)
Source of classification or shelving scheme Colon Classification (CC)
Koha item type Textbook
100 ## - MAIN ENTRY--PERSONAL NAME
-- 1234723
650 ## - SUBJECT ADDED ENTRY--TOPICAL TERM
-- 681512
700 ## - ADDED ENTRY--PERSONAL NAME
-- 1234738
700 ## - ADDED ENTRY--PERSONAL NAME
-- 1234739
999 ## -
-- 1848249
-- 1848249
Holdings
Withdrawn status Lost status Source of classification or shelving scheme Damaged status Not for loan Home library Current library Date acquired Source of acquisition Cost, normal purchase price Inventory number Total checkouts Full call number Barcode Date last seen Copy number Price effective from Koha item type
    Colon Classification (CC)     Faculty of Law Library Faculty of Law Library 2026-01-14 Govinda Book House 1495.00 6994-16/12/2025   X:976:(Z) LL1943205 2026-04-13 1 2026-04-13 Reference
    Colon Classification (CC)     Faculty of Law Library Faculty of Law Library 2026-01-14 Govinda Book House 1495.00 6994-16/12/2025   X:976:(Z) LL1943206 2026-04-13 2 2026-04-13 Textbook
    Colon Classification (CC)     Faculty of Law Library Faculty of Law Library 2026-01-14 Govinda Book House 1495.00 6994-16/12/2025   X:976:(Z) LL1943207 2026-04-13 3 2026-04-13 Textbook
    Colon Classification (CC)     Faculty of Law Library Faculty of Law Library 2026-01-14 Govinda Book House 1495.00 6994-16/12/2025   X:976:(Z) LL1943208 2026-04-13 4 2026-04-13 Textbook
Copyright @ Delhi University Library System